01315nam a2200313 i 4500003000900000005001700009007000300026008004100029020001800070040003000088041000800118082001700126100005500143245009800198250002200296264004600318300002600364336002700390337003400417338002800451500005700479590002600536910001500562942001400577952012800591952013200719952013300851999001700984DO-SdBNP20250709082513.0ta250709b2025 dr ||||| |||| 00| 0 spa d a9789945224153 aDO-SdBNPbspacBNPHUerda aspa 4axxxbxxx222 aGarcía Tineo, José Alfonso,eautor4aut.964791 aEntre el cielo y la tierra :b¿Por qué Jesús y María? /cJosé Alfonso García Tineo aPrimera edición 4aSanto Domingo :bEditora Búho,c©2025. a190 páginasc22 cm. atextobtxt2rdacontent asin mediación bn2rdamedia avolumenbnc2rdacarrier aIncluye datos biográficos del autor en las solapas aInventariado, 2025/BT aBtavárez 2ddccLBS1 00102ddc51708PDaBNPHUbBNPHUcCTd2025-07-09eDepósito Legall0o BNPHU PD p2025-6279r2025-07-09w2025-07-09yLBS1 00102ddc51708PDaBNPHUbBNPHUcCTd2025-07-09eDepósito Legall0oBNPHU PD p2025-6280r2025-07-09te.2w2025-07-09yLBS1 00102ddc56708DSaBNPHUbBNPHUcCTd2025-07-09eDepósito Legall0o BNPHU DS p2025-6281r2025-07-09te.3w2025-07-09yLBS1 c59469d59469